Pressburger Archiv für Gesetzgebung

Enregistré dans:
Détails bibliographiques
Format: Publication en série
Langue:allemand
Publié: Pressburg Oskar Kozelsky 1943
Tags: Ajouter un tag
Pas de tags, Soyez le premier à ajouter un tag!

MARC

LEADER 00000nas2a2200000$$$4500
001 0012859
005 20250730114311.4
041 0 |a ger 
044 |a SK 
245 1 0 |a Pressburger Archiv für Gesetzgebung 
264 1 |a Pressburg  |b Oskar Kozelsky  |c 1943 
300 |a 1 zv. 
773 0 |w eu_un_cat*0012857